000 03009cam a22004934i 4500
003 PE-LiUPU
005 20250731173404.0
008 150706s r 000 0 d
020 _a9788482674643
035 _a(Sirsi) i9788482674643
040 _aPE-LiUPU
_bspa
_cPE-LiUPU
_erda
049 _aPRUA
082 0 4 _a253
_bP59
_221
100 1 _aPiper, John,
_eautor.
245 1 0 _aHermanos, no somos profesionales /
_cJohn Piper.
264 1 _aBarcelona :
_bCLIE,
_c2010.
300 _a299 páginas ;
_c21 cm.
336 _atext
_2rdacontent
337 _aunmediated
_2rdamedia
338 _avolume
_2rdacarrier
505 0 _aHermanos, no somos profesionales -- Hermanos Dios ama su gloria -- Hermanos, Dios es amor -- Hermanos, vivan y prediquen la justificación por la fe -- Hermanos, tengan cuidado con la ética del deudor -- Hermanos díganles que no sirvan a Dios -- Hermanos, tengan en cuenta el hedonismo cristiano -- Hermanos, oremos -- Hermanos, tengan cuidado con los sustitutos sagrados -- Hermanos, luchen por sus vidas -- Hermanos, interroguemos el texto -- Hermanos, Bitzer era banquero -- Hermanos. lean biografías cristianas -- Hermanos, muéstrenles a sus fieles por qué Dios inspiró textos difíciles -- Hermanos, salven a los santos -- Hermanos, debemos sentir la realidad del infierno -- Hermanos, llévenlos al arrepentimiento por medio de su deleite -- Hermanos, magnifiquen el significado del bautismo -- Hermanos, nuestra aflicción es para El consuelo de ellos.-Hermanos,hagan que el río sea profundo.-Hermanos,no combatan los tanquesde la carne con reglas de cerbatana.-Hermanos.-Hermanos no confundan la incertidumbre con la humildad.-Hermanos,dígales que con cobre basta.-Hermanos,ayuden a su pueblo a resistir y servir en medio de las calamidades.-Hermanos,denles la pasión de Dios por las misiones.-Hermanos,corten el racismo de raíz.-Hermanos,hagan sonar el clarín por los que aún no han nacido.-Hermanos,centren la atención en la esencia de la adoración, no en la forma.-Hermanos, amen a sus esposas.-Hermanosoren por los seminarios.
526 _aSEG42
526 _aSEG41
526 _aSEG40
526 _aSEG39
526 _aP94
526 _aP87
526 _aP86
526 _aP85
526 _aP77
526 _aP76
526 _aP35
541 _g001-0000520;
650 0 4 _aTeología pastoral.
_91381
650 0 4 _aTrabajo de iglesia.
650 0 4 _aProfesiones.
650 0 4 _aClero
_xVocación.
910 _bjv
_clch
_d20110808
942 _2ddc
_cBOOK
949 _a253 P59
_wDEWEY
_c1
_i63252
_lCCODEBUL1
_mBUL
_p14.00
_r0
_sY
_tBOOK
_u2015-7-6
_xTEOLOGIA
_PP35
_o.STAFF. Colección General
994 _aC0
_bPEPRU
596 _a1
999 _a253 P59
_wDEWEY
_c52254
_i63252
_d52254
_e2018-6-10
_f2021-11-10
_g5
_lCCODEBUL1
_mBUL
_n1
_p14.00
_r0
_sY
_tBOOK
_u2015-7-6
_xTEOLOGIA
_PP35
_0COMPRA
_o.STAFF. Colección General
980 _81
_gALBERTO SANCHEZ Responsable de Automatización